000 00530nam a2200181Ia 4500
008 090124s9999 xx 000 0 und d
082 _b31562
_a2101
100 _aदवणे प्रवीण
245 _a सावर रे भाग 2 रा
250 _a1
260 _c2002
300 _a135
600 _aदवणे प्रवीण
630 _a सावर रे भाग 2 रा
700 _aदवणे प्रवीण
730 _a सावर रे भाग 2 रा
942 _cBOOK
999 _c145041
_d145041